00243nam a2200109Ia 4500100002700000250000600027654001400033245002400047260003200071082001800103546001200121 aCondon/E.U/ Odisgaw H  a2 ahandbook  aHandbook of Physics bMcGraw HillaNew Yorkc1967 a530.0202bCON aENGLISH